Dessin animé pour enfant ou film d'horreur bien flippant ? - Statistiques

Statistiques générales
  • Ce quiz a été pris 1 707 fois
  • Le résultat moyen est 15 sur 18
Statistiques - réponses
Hint Réponse % Correct
Monstres et Cie
96%
Merlin l'Enchanteur
96%
Hôtel Transylvanie
95%
Shining
95%
Annabelle
94%
Chucky
94%
28 jours plus tard
93%
Un monstre à Paris
92%
Ernest le vampire
91%
Monster High
90%
Poltergeist
90%
Smile
90%
Midsommar
85%
Monster House
80%
Le village
79%
La nuit des masques
73%
Les Noces funèbres
66%
Mister Babadook
51%
Aucun quiz correspondant
Distribution des résultats
% des personnes avec chaque résultat
Percentile par nombre de réponses
Votre historique - résultats
Vous n’avez pas pris ce quiz